01014nam 2200277 4500001000800000005001700008008004100025035002100066906004500087010001700132040001800149050002800167082001900195100003500214245010600249260004700355300002700402440003300429504003000462650004900492650004900541700004100590952002800631991004700659099003000706358547519860627000000.0860627s1961 ilu b 000 0 eng  9(DLC)a 63000210 a7bcbccorignewd1encipf19gy-gencatlg aa 63000210  aDLCcDLCdDLC00aAC1b.G74 vol. 4aBR11700a081 sa2002191 aAdler, Mortimer Jerome,d1902-10aReligion and theology,bby Mortimer J. Adler and Seymour Cain.cPrefaces by John Cogley [and others]. aChicago,bEncyclopaedia Britannica,c1961. axxviii, 278 p.c21 cm. 4aThe Great ideas program ;v4 aBibliography: p. 271-278. 0aChristian literaturexHistory and criticism. 0aReligious literaturexHistory and criticism.1 aCain, Seymour,d1914-ejoint author. aForm AACR2 bc09 4/3/86. bc-GenCollhAC1i.G74 vol. 4tCopy 1wBOOKS aadler-religion-1072276728